| 000 | 00552nam a2200217Ia 4500 | ||
|---|---|---|---|
| 005 | 20250508165047.0 | ||
| 008 | 008 250505s9999 xx 000 0 hin d | ||
| 020 | _a81-7178-032-6 | ||
| 037 | _aTextual | ||
| 040 |
_aFEDL _beng _cFEDL |
||
| 041 |
_ahin _2hin |
||
| 084 |
_a891.43, NAM _qFEDL |
||
| 100 | _aNamwar Singh | ||
| 245 | 0 | _aChhayavad | |
| 260 |
_aNew Delhi, India _bRajkamal Prakashan _c1993 |
||
| 300 | _a154p. | ||
| 365 |
_aINR _b30 |
||
| 546 | _aMACESE | ||
| 942 |
_cTEXL _h891.43, NAM |
||
| 999 |
_c1392905 _d1392905 |
||